00442nam a2200205Ia 4500003000900000008004100009040001300050040001300063041000800076100002300084245003100107250001100138260001300149260000900162300001100171300001000182490001700192490000600209700002100215IT-RoPAU120407s9999 xx 000 0 und d aIT-RoPAU cIT-RoPAU aita aFrancesco Alberoni aL’altruismo e la morale. aMilano aGarzanti c1988 a126 p. c21 cm aSaggi blù. v1 a Salvatore Veca